| 000 | 00879nam a2200229 a 4500 | ||
|---|---|---|---|
| 001 | 48947 | ||
| 003 | BD-RjUL | ||
| 005 | 20211209054619.0 | ||
| 008 | 160817s1970 bg ||||| |||| 00| 0 ben d | ||
| 035 | _a(BD-RjUL) 49066 | ||
| 040 |
_aBD-RjUL _bben _cBD-RjUL |
||
| 041 | _aben | ||
| 082 |
_223 _aB 891.442 _bSHA 1970 |
||
| 100 |
_aশাইখ, আসকার ইবনে _9126066 |
||
| 245 |
_aঅনুবর্তন : _bনিম্ন-মধ্যবিত্ত-জীবনের এক আলেখ্য / _cআসকার ইবনে শাইখ |
||
| 250 | _a২য় সং | ||
| 260 |
_aঢাকা : _bসোসাইটি ফর পাকিস্তান ষ্টাডিজ, _c১৯৭০ |
||
| 300 |
_a৮৪ পৃ. ; _c২০ সেমি. |
||
| 650 |
_aবাংলা নাটক _9147412 |
||
| 650 |
_aBengali Drama _9147413 |
||
| 942 |
_2ddc _cBK |
||
| 999 |
_c48947 _d48947 |
||